Hinduism Pre-Vedic & Vedic Age / (Record no. 192317)

MARC details
000 -LEADER
fixed length control field 00533nam a22001817a 4500
010 ## - LCCN (DPL NO)
LC control number ENG-135120
020 ## - INTERNATIONAL STANDARD BOOK NUMBER
Terms of availability 750.00
International Standard Book Number 9788193117227
035 ## - SYSTEM CONTROL NUMBER
System control number EN-118652
037 ## - SOURCE OF ACQUISITION
Source of stock number/acquisition DBAD / PUB
082 ## - DEWEY DECIMAL CLASSIFICATION NUMBER
Classification number 294.5
100 ## - MAIN ENTRY--PERSONAL NAME
Personal name Chaturvedi,Santosh
245 ## - TITLE STATEMENT
Title Hinduism Pre-Vedic & Vedic Age /
Statement of responsibility, etc by Santosh Chaturvedi
260 ## - PUBLICATION, DISTRIBUTION, ETC. (IMPRINT)
Name of publisher, distributor, etc Ansh Publication
Date of publication, distribution, etc 2017
Place of publication, distribution, etc Allahabad
270 ## - ADDRESS
Address IInd Floor,48/78/5 Lukerganj,
City Allahabad
Postal code 211001
300 ## - PHYSICAL DESCRIPTION
Extent 240p.
Dimensions 22cm(Hb)
650 ## - SUBJECT ADDED ENTRY--TOPICAL TERM
Topical term or geographic name as entry element Sikhism
942 ## - ADDED ENTRY ELEMENTS (KOHA)
Source of classification or shelving scheme Dewey Decimal Classification
Item type English Books
Call number suffix CHA
Classification part 294.5
Holdings
Withdrawn status Lost status Not for loan Collection code Home library Current library Date acquired Source of acquisition Cost, normal purchase price Full call number Barcode Copy number Cost, replacement price Koha item type
      Non-fiction Bawana Bawana 19/09/2022 DBAD/PUB 750.00 294.5 CHA EN-118652 1 750.00 English Books

© Delhi Public Library
Hit Counter
free hit counter